[Event "BCF-ch"]
[Site "Southampton"]
[Date "1986.??.??"]
[Round "2"]
[White "Le Blancq, Simon"]
[Black "Agnos, Demetrios"]
[Result "1/2-1/2"]
[WhiteElo "2270"]
[BlackElo "2255"]

1.d4 Nf6 2.c4 g6 3.Nc3 Bg7 4.e4 O-O 5.Be2 d6 6.Nf3 e5 7.dxe5 dxe5 8.Qxd8 Rxd8
9.Bg5 Re8 10.Nd5 Nxd5 11.cxd5 c6 12.Bc4 b5 13.Bb3 c5 14.a4 c4 15.Bd1 b4 16.Be2 Ba6
17.Rc1 Rc8 18.Bd2 b3 19.Bc3 Nd7 20.Nd2 Nc5 21.Nxc4 Nxe4 22.Nd2 Bxe2 23.Kxe2 Nc5
24.a5 Rd8 25.d6 Ne6 26.Nxb3 Rab8 27.Nd2 Nf4+ 28.Kf1 Nd3 29.Rc2 Rxd6 30.g3 Nb4
31.Rc1 Na2 32.Rc2 Nxc3 33.bxc3 Rb5 34.Ke2 Ra6 35.Ra1 Rbxa5 36.Rxa5 Rxa5 37.c4 Rc5
38.Nb3 Rc6 39.c5 Bf8 40.Kd3 a5 41.Nxa5 Rxc5 42.Rxc5 Bxc5 43.f3 h5 44.h3 f6
45.Ke4 Kf7 46.f4 exf4 47.Kxf4 Ke6 48.Nc4 Bd6+ 49.Kf3 Bc7 50.g4 f5 51.gxf5+ Kxf5
52.Ne3+ Ke5 53.Ng2 Bd8 54.Nf4 Kf5 55.Nxg6  1/2-1/2

[Event "BCF-ch"]
[Site "Southampton"]
[Date "1986.??.??"]
[Round "4"]
[White "Ravisekhar, Raja"]
[Black "Hennigan, Michael"]
[Result "1/2-1/2"]
[WhiteElo "2395"]
[BlackElo "2225"]

1.d4 Nf6 2.c4 g6 3.Nc3 Bg7 4.e4 d6 5.Be2 O-O 6.Nf3 e5 7.dxe5 dxe5 8.Qxd8 Rxd8
9.Bg5 c6 10.Nxe5 Re8 11.O-O-O Nxe4 12.Nxe4 Bxe5 13.Rhe1 Bf5 14.Nf6+ Bxf6
15.Bxf6 Nd7 16.Bd4 b6 17.Bf3 Rxe1 18.Rxe1 Rc8 19.b3 Kf8 20.Kb2 Be6 21.Be3 Ke7
22.Bg5+ f6 23.Bf4 g5 24.Be3 Ne5 25.Be4 Kf7 26.h3 Ng6 27.Rd1 f5 28.Bf3 f4
29.Bc1 c5 30.Kc3 Ke7 31.Re1 Rd8 32.Bd5 Rd6 33.a4 Kf7 34.Be4 h6 35.Ba3 a5
36.Kc2 Ne7 37.Bb2 Nc6 38.Bxc6 Rxc6 39.Rd1 Bf5+ 40.Kc1 Re6 41.Bc3 Re2 42.Rd2 Rxd2
43.Kxd2 Ke6 44.Bg7 h5 45.Bh6 f3 46.g3 g4 47.h4 Kd7  1/2-1/2

[Event "BCF-ch"]
[Site "Southampton"]
[Date "1986.??.??"]
[Round "5"]
[White "Allen, Keith"]
[Black "Ravikumar, Vaidyanathan"]
[Result "1-0"]
[WhiteElo "2225"]
[BlackElo "2345"]

1.d4 Nf6 2.c4 d6 3.Nc3 Nbd7 4.e4 e5 5.Nf3 g6 6.Be2 Bg7 7.O-O O-O 8.d5 Nc5
9.Nd2 a5 10.b3 Ne8 11.a3 f5 12.Rb1 Nf6 13.f3 f4 14.b4 axb4 15.axb4 Ncd7 16.Nb5 b6
17.Nb3 g5 18.c5 Ne8 19.Qc2 bxc5 20.bxc5 Rf7 21.Bd2 Bf8 22.Bb4 h5 23.Ra1 Rxa1
24.Rxa1 Nxc5 25.Nxc5 dxc5 26.Bxc5 Bxc5+ 27.Qxc5 g4 28.Ra8 Rg7 29.d6 Qg5 30.fxg4 f3
31.Bc4+ Kh7 32.g3 Qxg4 33.Qxe5 h4 34.Rxc8 hxg3 35.hxg3 Rg5 36.Bg8+ Rxg8 37.Qf5+ Qxf5
38.exf5 cxd6 39.Kf2 d5 40.Kxf3 Nf6 41.Rxg8 Kxg8 42.g4 Kf7 43.Kf4 Nd7 44.g5 Kg7
45.Nc7 Nb6 46.Ke5  1-0

[Event "BCF-ch"]
[Site "Southampton"]
[Date "1986.??.??"]
[Round "5"]
[White "Rossiter, Philip J"]
[Black "Thipsay, Praveen Mahadeo"]
[Result "1/2-1/2"]
[WhiteElo "2230"]
[BlackElo "2375"]

1.d4 Nf6 2.c4 g6 3.Nc3 Bg7 4.e4 d6 5.Nf3 O-O 6.Be2 e5 7.d5 Nbd7 8.O-O Nc5
9.Qc2 a5 10.Bg5 h6 11.Be3 b6 12.Nd2 Nh7 13.a3 f5 14.f3 f4 15.Bf2 Na6 16.Rab1 g5
17.Rfc1 h5 18.Qd1 Rf6 19.Nf1 Rg6 20.h3 Nc5 21.b4 Nd7 22.Nb5 Bf8 23.c5 dxc5
24.d6 c6 25.Nc7 Ra7 26.bxc5 bxc5 27.Bc4+ Kh8 28.Be6 g4 29.hxg4 hxg4 30.fxg4 Rh6
31.Bxd7 Rxd6 32.Ne6 Qxd7 33.Nxf8 Nxf8 34.Qc2 Ne6 35.Bxc5 Nxc5 36.Qxc5 Qe7
37.Rb8 Rc7 38.Qxa5 Kh7 39.Rc5 Re6 40.Qc3 Qd6 41.Rb4 Ba6 42.Rb2 Qd1 43.Rf2 Bxf1
44.Rxf1 Qxg4 45.Rf3 Rg7 46.Rh3+ Kg8 47.Qf3 Qxf3 48.Rxf3 Rd7 49.Rfc3 Rd1+
50.Kh2 Rd4 51.Rxc6 Rxc6 52.Rxc6 Rxe4 53.Kh3 Re3+ 54.Kg4 Rxa3  1/2-1/2

[Event "BCF-ch"]
[Site "Southampton"]
[Date "1986.??.??"]
[Round "9"]
[White "Smith, Alan A"]
[Black "Watts, David"]
[Result "0-1"]
[WhiteElo "2280"]
[BlackElo "2210"]

1.d4 Nf6 2.Nf3 g6 3.c4 Bg7 4.Nc3 O-O 5.e4 d6 6.Be2 e5 7.Be3 c6 8.O-O exd4
9.Nxd4 Re8 10.Qc2 Qe7 11.Rfe1 Nxe4 12.Nxe4 Qxe4 13.Bd3 Qg4 14.h3 Qh5 15.Be2 Qa5
16.a3 Nd7 17.b4 Qc7 18.Rad1 Nb6 19.Bf3 Bd7 20.Re2 Rac8 21.c5 dxc5 22.bxc5 Nd5
23.Bxd5 cxd5 24.Qb1 Re4 25.Rb2 Rb8 26.c6 Bxc6 27.Nxc6 Qxc6 28.Bxa7 Bxb2 29.Bxb8 Bxa3
30.Qd3 Bc5 31.Qf3 Qe8 32.Bg3 Re1+ 33.Rxe1 Qxe1+ 34.Kh2 Qe6 35.Qf4 b6 36.Qc7 f6
37.h4 Qf7 38.Qd8+ Kg7 39.f3 Qg8 40.Qd7+ Qf7 41.Qd8 b5 42.Qc8 Bf8 43.Bf4 b4
44.g4 Qa7 45.Kh3 b3 46.Bc1 Bd6 47.Qe6 Qe7 48.Qc8 Be5 49.h5 gxh5 50.gxh5 b2
51.h6+ Kf7 52.Bxb2 Qe6+ 53.Qxe6+ Kxe6 54.Bc1 Kf5 55.Kg2 Bf4 56.Bb2 Bxh6  0-1

[Event "Tatran Cup"]
[Site "Stary Smokovec"]
[Date "1986.??.??"]
[Round "?"]
[White "Knezevic, Milorad"]
[Black "Tibensky, Robert"]
[Result "1/2-1/2"]
[WhiteElo "2445"]
[BlackElo "2380"]

1.d4 Nf6 2.Nf3 g6 3.c4 Bg7 4.Nc3 O-O 5.e4 d6 6.Be2 Nbd7 7.O-O e5 8.Bg5 h6
9.Bh4 c6 10.Qc2 Qe8 11.dxe5 dxe5 12.b4 Nh5 13.Bg3 Nf4 14.Rfd1 Ne6 15.c5  1/2-1/2

[Event "Tatran Cup"]
[Site "Stary Smokovec"]
[Date "1986.??.??"]
[Round "?"]
[White "Knezevic, Milorad"]
[Black "Gazik, Igor"]
[Result "1/2-1/2"]
[WhiteElo "2445"]
[BlackElo "2415"]

1.d4 Nf6 2.Nf3 g6 3.c4 Bg7 4.Nc3 O-O 5.e4 d6 6.Be2 e5 7.dxe5 dxe5 8.Qxd8 Rxd8
9.Bg5 Re8 10.Nd5 Nxd5 11.cxd5 c6 12.Bc4 cxd5 13.Bxd5 Nc6 14.Ke2 Be6 15.Bxe6 Rxe6
16.Rhd1 f6 17.Be3 Kf7 18.g4 Ke8 19.h4 Rd8 20.Rxd8+ Kxd8 21.h5 Ke8 22.Nh4 Kf7
23.Rd1 Bf8 24.Rd7+ Re7 25.Rd5 Rc7 26.a3 Be7 27.Kd3 f5 28.hxg6+ hxg6 29.Nf3 Ke6
30.gxf5+ gxf5 31.Bd2 Bf6 32.Rc5 Rd7+ 33.Ke3 Bd8 34.exf5+ Kxf5 35.Ke2 Bb6
36.Rb5 Bd4 37.Be3 a6 38.Rb3 b5 39.Rd3 Rd8 40.Bxd4 exd4 41.Nd2  1/2-1/2

[Event "Tallinn (Women)"]
[Site "Tallinn"]
[Date "1986.??.??"]
[Round "2"]
[White "Csonkics, Tunde"]
[Black "Zainetdinova, Svetlana"]
[Result "0-1"]
[WhiteElo "2100"]
[BlackElo "2055"]

1.d4 Nf6 2.Nf3 g6 3.c4 Bg7 4.Nc3 d6 5.e4 O-O 6.Be2 e5 7.Be3 exd4 8.Nxd4 Re8
9.f3 c6 10.O-O d5 11.cxd5 cxd5 12.Qb3 Nc6 13.Rad1 Qb6 14.Qxb6 axb6 15.Ndb5 Re7
16.Bxb6 dxe4 17.fxe4 Nxe4 18.Nxe4 Rxe4 19.Bf3 Re5 20.Nc7 Rb8 21.Bxc6 bxc6
22.Rd8+ Bf8 23.Ba7 Rxb2 24.Rxc8 Ree2 25.Bf2 Rxa2 26.Ne8 Bc5 27.Nf6+ Kg7 28.Rg8+ Kh6
29.Ng4+ Kg5 30.Bxc5 Rxg2+ 31.Kh1 Kxg4 32.Rg1 Rxg1+ 33.Bxg1 f5 34.Rc8 Rc2
35.Ra8 f4 36.Ra4 g5 37.Be3 Kh3 38.Bg1 f3 39.Ra3 g4 40.Ra5 Kh4 41.Rf5 Rc1
42.h3 h5 43.hxg4 hxg4 44.Rc5 Rd1 45.Rc2 c5 46.Rh2+ Kg3 47.Rc2 c4 48.Rc1 Rd8
49.Bb6 Rd7 50.Kg1 c3 51.Kf1 c2 52.Bf2+ Kh3  0-1

[Event "Agzamov mem"]
[Site "Tashkent"]
[Date "1986.??.??"]
[Round "10"]
[White "Epishin, Vladimir"]
[Black "Rashkovsky, Nukhim N"]
[Result "1/2-1/2"]
[WhiteElo "2370"]
[BlackElo "2420"]

1.d4 Nf6 2.c4 g6 3.Nc3 Bg7 4.e4 d6 5.Be2 O-O 6.Nf3 e5 7.O-O exd4 8.Nxd4 Re8
9.f3 c6 10.Be3 d5 11.cxd5 Nxd5 12.Nxd5 cxd5 13.Qb3 Nc6 14.Rad1 Qb6 15.Qxb6 axb6
16.Nb5 d4 17.Nxd4 Rxa2 18.Nb5 Rxb2 19.Rf2 Be6 20.Bf1 Rxf2 21.Bxf2 Bb3 22.Rc1 Rd8
23.Bxb6 Rd7 24.Be3 h5 25.Kf2 Rd8 26.f4  1/2-1/2

[Event "Tbilisi"]
[Site "Tbilisi"]
[Date "1986.??.??"]
[Round "?"]
[White "Kaidanov, Grigory S"]
[Black "Pekarek, Ales"]
[Result "1-0"]
[WhiteElo "2415"]
[BlackElo "2445"]

1.d4 Nf6 2.c4 d6 3.Nc3 Nbd7 4.Nf3 g6 5.e4 e5 6.Be2 Bg7 7.O-O O-O 8.Be3 c6
9.d5 c5 10.Ne1 Ne8 11.Nd3 f5 12.f4 b6 13.Kh1 Kh8 14.Rc1 Qe7 15.exf5 gxf5
16.Qd2 e4 17.Nf2 Ndf6 18.Qd1 Rg8 19.Rg1 Bh6 20.Qc2 Ng7 21.Rce1 Bd7 22.Qd1 Raf8
23.g3 Be8 24.Rg2 Bh5 25.h3 Bxe2 26.Nxe2 Nd7 27.Qc1 Ne8 28.Reg1 Bg7 29.g4 Qh4
30.Rh2 b5 31.b3 bxc4 32.bxc4 Nb6 33.Ng3 Bd4 34.Bxd4+ cxd4 35.Qa1 e3 36.Qxd4+ Qf6
37.Qxe3 fxg4 38.Nh5 Nxc4 39.Nxf6 Nxe3 40.Nxg8 Rxg8 41.hxg4  1-0

[Event "Tbilisi"]
[Site "Tbilisi"]
[Date "1986.??.??"]
[Round "?"]
[White "Azmaiparashvili, Zurab"]
[Black "McDonald, Neil R"]
[Result "1-0"]
[WhiteElo "2470"]
[BlackElo "2495"]

1.Nf3 Nf6 2.c4 g6 3.Nc3 Bg7 4.e4 d6 5.d4 O-O 6.Be2 e5 7.d5 c6 8.O-O cxd5
9.cxd5 a6 10.Ne1 b5 11.Nc2 Bb7 12.a4 bxa4 13.Rxa4 Nbd7 14.Be3 Nb6 15.Ra2 Qc7
16.Nb4 Nc4 17.Bc1 Nd7 18.Nc6 Ncb6 19.Be3 f5 20.f3 Kh8 21.Na5 Bc8 22.Qd2 fxe4
23.Nxe4 Nf6 24.Rc1 Nxe4 25.fxe4 Qd8 26.Nc6  1-0

[Event "Tirnavia"]
[Site "Trnava"]
[Date "1986.??.??"]
[Round "1"]
[White "Plachetka, Jan"]
[Black "Paehtz, Thomas Sr"]
[Result "1-0"]
[WhiteElo "2430"]
[BlackElo "2395"]

1.d4 Nf6 2.Nf3 g6 3.c4 Bg7 4.Nc3 d6 5.e4 O-O 6.Be2 Nbd7 7.O-O e5 8.Be3 c6
9.dxe5 dxe5 10.Nd2 Qe7 11.Na4 Rd8 12.Qc2 Nf8 13.c5 Ne6 14.Nc4 Nd4 15.Bxd4 Rxd4
16.f3 Be6 17.Rfd1 Bxc4 18.Bxc4 Rad8 19.b4 Nh5 20.Nb2 Bh6 21.Qb3 Bf4 22.Rxd4 Rxd4
23.Rd1 Qh4 24.g3 Nxg3 25.Rxd4 Nh5 26.Bxf7+ Kg7 27.Qc2 exd4 28.Bc4 Qe1+ 29.Kg2 Qc3
30.Bb3 Bd2 31.Nc4 Nf4+ 32.Kg3 Nh5+ 33.Kg2 Be1 34.Qxc3 Nf4+ 35.Kf1 Bxc3 36.a3 d3
37.Na5 Bb2 38.Nxb7 Bxa3 39.b5 cxb5 40.c6  1-0

[Event "Tirnavia"]
[Site "Trnava"]
[Date "1986.??.??"]
[Round "3"]
[White "Banas, Jan"]
[Black "Paehtz, Thomas Sr"]
[Result "1/2-1/2"]
[WhiteElo "2395"]
[BlackElo "2395"]

1.Nf3 Nf6 2.c4 d6 3.d4 g6 4.Nc3 Bg7 5.e4 O-O 6.Be2 e5 7.d5 a5 8.Be3 Na6 9.Nd2 Ne8
10.O-O f5 11.f3 Bf6 12.Bf2 Bh4 13.a3 Bxf2+ 14.Rxf2 Bd7 15.Rb1 Nc5 16.b4 axb4
17.axb4 Na4 18.Qc2 Qg5 19.Bd3 Nxc3 20.Qxc3 Qe3 21.Nf1 Qa7 22.c5 Nf6 23.Ng3 fxe4
24.Nxe4 Nxe4 25.Bxe4 b6 26.Rc2 bxc5 27.bxc5 Rfb8 28.Rbc1 Rb5 29.Qe3 Rf8 30.Kf2 Qb8
31.Kg1 Rb1 32.h4 Rxc1+ 33.Rxc1 Bf5 34.h5 Bxe4 35.fxe4 gxh5 36.Qg5+ Kh8 37.Qxh5 Qb2
38.Qh6 Qd4+ 39.Kh1 Qf2 40.cxd6 cxd6 41.Rc7 Qf1+ 42.Kh2  1/2-1/2

[Event "Tirnavia-B"]
[Site "Trnava"]
[Date "1986.??.??"]
[Round "5"]
[White "Cervenka, Imrich"]
[Black "Karlik, Vladimir"]
[Result "0-1"]
[WhiteElo "2250"]
[BlackElo "2310"]

1.d4 Nf6 2.c4 g6 3.Nc3 Bg7 4.e4 d6 5.Be2 O-O 6.Nf3 e5 7.O-O Nbd7 8.Qc2 c6
9.b4 exd4 10.Nxd4 Qb6 11.Be3 Qxb4 12.Nb3 Nc5 13.f4 Nxb3 14.axb3 Ng4 15.Bxg4 Qxc3
16.Qxc3 Bxc3 17.Bxc8 Rfxc8 18.Rxa7 Rxa7 19.Bxa7 c5 20.Rd1 Bd4+ 21.Kh1 Re8
22.g3 Rxe4 23.b4 Re2 24.b5 Kf8 25.Rc1 Ke7 26.Bb6 Ke6 27.Ba5 Kf5  0-1

[Event "Tirnavia-B"]
[Site "Trnava"]
[Date "1986.??.??"]
[Round "7"]
[White "Ksieski, Zbigniew"]
[Black "Karlik, Vladimir"]
[Result "1/2-1/2"]
[WhiteElo "2285"]
[BlackElo "2310"]

1.d4 g6 2.c4 Nf6 3.Nc3 Bg7 4.e4 d6 5.Be2 O-O 6.Nf3 e5 7.Be3 h6 8.O-O Nbd7
9.dxe5 dxe5 10.Nd2 Nh7 11.c5 f5 12.exf5 gxf5 13.c6 bxc6 14.f4 Kh8 15.Nc4 e4
16.Qc2 Qe8 17.Rad1 Nhf6 18.Bd4 Nb6 19.Rd2 Nbd5 20.Nxd5 Nxd5 21.Bxg7+ Kxg7
22.Na5 Rf6 23.Qa4 Bd7 24.Qd4 Kh7 25.Bc4 Rd6 26.Nb7 Rg6 27.Nc5 Rd8 28.Na6 Be6
29.Qxa7 Rg7 30.Qd4 Nxf4 31.Qxd8 Qxd8 32.Rxd8 Nh3+ 33.Kh1 Bxc4 34.Rxf5 Bxa6
35.gxh3 e3 36.Re8 e2 37.Rf2 Bc4 38.Rexe2 Bxa2 39.Rg2  1/2-1/2

[Event "Tirnavia"]
[Site "Trnava"]
[Date "1986.??.??"]
[Round "8"]
[White "Kouatly, Bachar"]
[Black "Paehtz, Thomas Sr"]
[Result "1/2-1/2"]
[WhiteElo "2445"]
[BlackElo "2395"]

1.d4 Nf6 2.c4 d6 3.Nc3 Nbd7 4.Nf3 g6 5.e4 e5 6.Be2 Bg7 7.O-O O-O 8.Be3 c6
9.d5 Ng4 10.Bg5 f6 11.Bh4 c5 12.Ne1 Nh6 13.f3 g5 14.Bf2 f5 15.g4 fxg4 16.fxg4 Nf6
17.h3 Nf7 18.Ng2 Nh8 19.h4 gxh4 20.Nxh4 Nxg4 21.Bxg4 Qg5 22.Nf5 Rxf5 23.exf5 Bxf5
24.Bh4 Qxg4+ 25.Qxg4 Bxg4 26.Ne4 Ng6 27.Bg5 Be2 28.Rf2 Bxc4 29.Rd1 Bxa2 30.Nxd6 h6
31.Be3 Ne7 32.Nxb7 Nxd5 33.Bxc5 Rb8 34.b4 Bb3 35.Rb1 Bc4 36.Nd6 Bd3 37.Ra1 a6
38.Kh1 Nf4 39.Ra3 Be2 40.Rg3 h5 41.Nf5 Bg4 42.Bd6 Rb6 43.Nxg7 Nh3 44.Rd2 Kxg7
45.Bxe5+ Kh7 46.Bd6 Ng5 47.Re3 Ne4 48.Bc5 Re6 49.Rd7+ Kg6 50.Re7 Kf6 51.Rxe6+ Bxe6
52.Bd4+ Kf5 53.Kg2 Bd5 54.Kh3 Ng5+ 55.Kg3 h4+ 56.Kf2 Ne4+ 57.Kg1 Kg4  1/2-1/2

[Event "Vienna op"]
[Site "Vienna"]
[Date "1986.??.??"]
[Round "?"]
[White "Poecksteiner, Johann"]
[Black "Hager, Franz"]
[Result "0-1"]
[WhiteElo "2235"]
[BlackElo "2340"]

1.d4 Nf6 2.c4 g6 3.Nc3 Bg7 4.e4 d6 5.Nf3 O-O 6.Be2 Nbd7 7.O-O e5 8.Re1 h6
9.Bf1 Nh7 10.Rb1 Ng5 11.Nxg5 hxg5 12.d5 f5 13.b4 g4 14.c5 Rf7 15.c6 Nf8 16.cxb7 Bxb7
17.Bb5 Qh4 18.g3 Qh5 19.Bf1 f4 20.Rb3 f3 21.Qd2 Nh7 22.Nd1 Bf6 23.Qh6 Qxh6
24.Bxh6 g5 25.h3 Bd8 26.Ne3 Bc8 27.hxg4 Rf6 28.Nf5 Bxf5 29.gxf5 Rxh6 30.Rxf3 Nf6
31.Ra3 Kf7 32.Bg2 Rb8 33.Ra4 Rb7 34.a3 Nd7 35.Rc1 Rh8 36.g4 Nb8 37.Bf1 Ke7
38.Kg2 Kd7 39.b5 Ke7 40.Rb4 Nd7 41.f3 Nc5 42.Be2 Kd7 43.Rbb1 Bf6 44.Rh1 Rbb8
45.Rxh8 Rxh8 46.Bc4 Kc8 47.Ra1 Kb7 48.a4 a6 49.Rb1 Ka7 50.bxa6 Nxa6 51.Bb5 Nc5
52.Kg3 Nb7 53.Rc1 Rh7 54.Be8 Nc5 55.Rb1 Rh8 56.Bc6 Rb8 57.Rh1 Nb3 58.Rh6 Rf8
59.Kf2 Nd4 60.Bd7 Kb6 61.Rh1 Rd8 62.Rh7 Rh8 63.Rf7 Bd8 64.Kg2 Ka5 65.Rg7 Ne2
66.Kf2 Nf4 67.Kg3 c6 68.Kf2 Bb6+ 69.Ke1 Be3 70.Kd1 Rh2  0-1

[Event "Wuppertal"]
[Site "Wuppertal"]
[Date "1986.??.??"]
[Round "?"]
[White "Knezevic, Milorad"]
[Black "Johansen, Darryl K"]
[Result "1/2-1/2"]
[WhiteElo "2445"]
[BlackElo "2440"]

1.d4 g6 2.Nf3 Bg7 3.c4 Nf6 4.Nc3 O-O 5.e4 d6 6.Be2 e5 7.dxe5 dxe5 8.Qxd8 Rxd8
9.Bg5 Nbd7 10.O-O-O Rf8 11.Nd5 c6 12.Ne7+ Kh8 13.Be3 Re8 14.Nxc8 Rexc8 15.Ng5 Kg8
16.Bg4 Rd8 17.Bxd7 Rxd7 18.Rxd7 Nxd7 19.Rd1 Nf6 20.f3 Kf8 21.Kc2 Ke8 22.Nh3 Bf8
23.Nf2 Nd7  1/2-1/2

[Event "Zenica"]
[Site "Zenica"]
[Date "1986.??.??"]
[Round "3"]
[White "Groszpeter, Attila"]
[Black "Vukic, Milan"]
[Result "0-1"]
[WhiteElo "2470"]
[BlackElo "2465"]

1.d4 Nf6 2.c4 g6 3.Nc3 Bg7 4.e4 d6 5.Be2 O-O 6.Nf3 e5 7.Be3 Ng4 8.Bg5 f6
9.Bc1 Nc6 10.O-O Nh6 11.c5 dxc5 12.dxc5 Nf7 13.Qxd8 Nfxd8 14.Nd5 Rf7 15.Bc4 Be6
16.Rd1 Bf8 17.Be3 h6 18.a3 a5 19.Rac1 a4 20.Nh4 Kh7 21.Be2 Na5 22.Rc3 Nb3
23.Nb4 Nc6 24.Nxc6 bxc6 25.g3 Ra5 26.f4 exf4 27.gxf4 f5 28.exf5 gxf5 29.Nf3 Bd5
30.Kf1 Nxc5 31.Bxc5 Rxc5 32.Rxc5 Bxc5 33.Ne5 Rg7 34.Bf3 Rg1+ 35.Ke2 Bxf3+
36.Nxf3 Rg2+ 37.Kd3 Rxb2 38.Ne5 Bxa3 39.Kc3 Rb3+ 40.Kc4 Bd6 41.Nxc6 Rf3 42.Nd4 Rxf4
43.Kd5 Rf2 44.Ke6 f4 45.Kf7 Rg2 46.h4 f3  0-1

[Event "Zenica"]
[Site "Zenica"]
[Date "1986.??.??"]
[Round "7"]
[White "Groszpeter, Attila"]
[Black "Terzic, Safet"]
[Result "1-0"]
[WhiteElo "2470"]
[BlackElo "2345"]

1.d4 Nf6 2.c4 g6 3.Nc3 Bg7 4.e4 d6 5.Nf3 O-O 6.Be2 e5 7.Be3 Qe7 8.dxe5 dxe5
9.Nd5 Nxd5 10.cxd5 Rd8 11.Qb3 c6 12.d6 Qxd6 13.Rd1 Qe7 14.Rxd8+ Qxd8 15.Ng5 Qe7
16.Bc4 b5 17.Bxf7+ Kh8 18.h4 Bf6 19.h5 Bxg5 20.hxg6 Bh4 21.g3  1-0

[Event "Zenica"]
[Site "Zenica"]
[Date "1986.??.??"]
[Round "9"]
[White "Groszpeter, Attila"]
[Black "Cvitan, Ognjen"]
[Result "1/2-1/2"]
[WhiteElo "2470"]
[BlackElo "2465"]

1.d4 Nf6 2.c4 g6 3.Nc3 Bg7 4.e4 d6 5.Be2 O-O 6.Nf3 e5 7.Be3 Ng4 8.Bg5 f6
9.Bh4 Nc6 10.d5 Ne7 11.h3 Nh6 12.Qc2 g5 13.Bg3 Ng6 14.O-O-O f5 15.exf5 Nxf5
16.Bd3 Nf4 17.Bxf4 exf4 18.Rhe1 h6 19.Qd2 a6 20.Bxf5 Bxf5 21.Nd4 Bxd4 22.Qxd4 Qf6
23.Qxf6 Rxf6 24.Kd2 Kf8 25.f3 Rf7 26.Ne2 Re8 27.h4 Rfe7 28.hxg5 hxg5 29.Nd4 Rxe1
30.Rxe1 Rxe1 31.Kxe1 Bd7 32.Ne2 Ke7 33.g3 fxg3 34.Nxg3 Kf6 35.Kd2 Ke5 36.Ke3 Bf5
37.Ne2 Bh3 38.Nd4 Bd7 39.Nc2 a5 40.Nd4 c6 41.dxc6 bxc6 42.Ne2 Bf5  1/2-1/2

[Event "Lang mem-A 7th"]
[Site "Brno"]
[Date "1987.07.25"]
[Round "8"]
[White "Simek, Petr"]
[Black "Nemec, Pavel"]
[Result "1/2-1/2"]
[WhiteElo "2245"]
[BlackElo "2225"]

1.d4 Nf6 2.Nf3 g6 3.c4 Bg7 4.Nc3 O-O 5.e4 d6 6.Be2 e5 7.Be3 Nc6 8.d5 Ne7
9.Nd2 Nd7 10.g4 f5 11.f3 c6 12.h4 cxd5 13.cxd5 Nf6 14.h5 Rf7 15.Rg1 fxg4
16.fxg4 b5 17.hxg6 Nxg6 18.g5  1/2-1/2

[Event "Aarhus-C"]
[Site "Aarhus"]
[Date "1987.??.??"]
[Round "3"]
[White "Sorensen, Torben"]
[Black "Jacobsen, Bo"]
[Result "1/2-1/2"]
[WhiteElo "2290"]
[BlackElo "2285"]

1.d4 Nf6 2.c4 g6 3.Nc3 Bg7 4.e4 O-O 5.Nf3 d6 6.Be2 e5 7.dxe5 dxe5 8.Qxd8 Rxd8
9.Bg5 Nbd7 10.O-O-O Rf8 11.Nd5 c6 12.Ne7+ Kh8 13.Be3 Re8 14.Nxc8 Raxc8 15.Ng5 Re7
16.f3 c5 17.Rhe1 b6 18.Bf1 Nb8 19.Nh3 Nc6 20.Ng1 Ng8 21.Kb1 Bh6 22.Bf2 Nd4
23.Ne2 Bg5 24.b3 Rb7 25.Rd3 Ne7 26.g3 Nec6 27.Bxd4 exd4 28.f4 Bh6 29.Bg2 Re7
30.Nc1 g5 31.Rf3 Rg8 32.Re2 gxf4 33.gxf4 a5 34.Rff2 Rg4 35.e5 Nd8 36.Nd3 Ne6
37.f5 Nf4 38.Nxf4 Bxf4 39.e6 Be3 40.exf7 Rxf7 41.Bd5 Rf8 42.Rg2 Rf4 43.Rg3 R4xf5
44.Reg2 Rf1+ 45.Kc2 h6 46.Rg8+ Rxg8 47.Rxg8+ Kh7 48.Rg2 Bg5 49.Kd3 Rc1 50.Be4+ Kg7
51.Ke2 Kf6 52.Bd3 Ra1 53.Kf3 Rc1 54.Re2 Rd1 55.Ke4 Ke6 56.Rg2 Rh1 57.Be2 Re1
58.Rf2 Rg1 59.Bf3 Rc1 60.Be2 Kd6 61.Bd3 Rg1 62.Kf3 Ke5 63.Rf1  1/2-1/2

[Event "ISL-ch"]
[Site "Akureyri"]
[Date "1987.??.??"]
[Round "5"]
[White "Olafsson, Helgi"]
[Black "Hansson, Dan"]
[Result "1-0"]
[WhiteElo "2550"]
[BlackElo "2290"]

1.Nf3 Nf6 2.c4 g6 3.Nc3 Bg7 4.e4 d6 5.d4 O-O 6.Be2 e5 7.O-O Nbd7 8.Qc2 c6
9.Rd1 Re8 10.d5 c5 11.Rb1 a5 12.Ne1 Nf8 13.Nd3 h6 14.Be3 b6 15.Re1 Ra7 16.a3 Ba6
17.b4 axb4 18.axb4 Bxc4 19.Nxe5 Bxd5 20.Nxd5 Nxd5 21.Nc6 Nxe3 22.fxe3 Qg5
23.Nxa7 Qxe3+ 24.Kh1 Rxe4 25.Qd3 Qf4 26.Rf1 Qe5 27.Bf3 Rh4 28.h3 Ne6 29.Nc6 Qg3
30.Be2 Qg5 31.bxc5 dxc5 32.Rxf7 Nf4 33.Rxg7+ Kxg7 34.Qd7+ Kh8 35.Bg4 Nh5
36.Bxh5 Rxh5 37.Re1  1-0

[Event "ISL-ch"]
[Site "Akureyri"]
[Date "1987.??.??"]
[Round "7"]
[White "Olafsson, Helgi"]
[Black "Kristjansson, Olafur"]
[Result "1-0"]
[WhiteElo "2550"]
[BlackElo "2230"]

1.c4 Nf6 2.Nc3 g6 3.d4 Bg7 4.e4 d6 5.Be2 O-O 6.Nf3 e5 7.O-O Nbd7 8.Re1 c6
9.Rb1 Ng4 10.h3 exd4 11.Nxd4 Qb6 12.Bxg4 Bxd4 13.Be3 Bxe3 14.Rxe3 Ne5 15.Bxc8 Raxc8
16.b3 Rcd8 17.Qe2 f6 18.Rd1 Qc7 19.Qd2 Qg7 20.c5 dxc5 21.Qxd8 Rxd8 22.Rxd8+ Kf7
23.f4 Qh6 24.Ne2 c4 25.bxc4 Ke7 26.Rb8 Nxc4 27.Rxb7+ Kd6 28.Rd3+ Kc5 29.Rc3 Qh5
30.Rb2  1-0

[Event "Altensteig"]
[Site "Altensteig"]
[Date "1987.??.??"]
[Round "?"]
[White "Hertneck, Gerald"]
[Black "Hickl, Joerg"]
[Result "1-0"]
[WhiteElo "2450"]
[BlackElo "2450"]

1.d4 Nf6 2.c4 g6 3.Nc3 Bg7 4.e4 d6 5.Nf3 O-O 6.Be2 e5 7.O-O exd4 8.Nxd4 Re8
9.f3 c6 10.Nc2 Qc7 11.Bf4 Nh5 12.Bxd6 Qb6+ 13.Kh1 Rd8 14.b4 a5 15.c5 Qa7
16.b5 a4 17.Qe1 Rxd6 18.cxd6 Qc5 19.e5 Bxe5 20.Bc4 Bd7 21.Rb1 Bxd6 22.Ne3 Bf4
23.bxc6 Bxc6 24.Ncd5 b5 25.Bd3 Bxh2 26.Kxh2 Bxd5 27.Nxd5 Qxd5 28.Bxb5 Qd6+
29.f4 Nf6 30.Qb4 Qe6 31.Bc4 Qe4 32.Rbe1 Qc6 33.Re7 Na6 34.Bxf7+ Kf8 35.Re8+  1-0

[Event "Altensteig"]
[Site "Altensteig"]
[Date "1987.??.??"]
[Round "?"]
[White "Bischoff, Klaus"]
[Black "Westerinen, Heikki MJ"]
[Result "1/2-1/2"]
[WhiteElo "2485"]
[BlackElo "2375"]

1.d4 Nf6 2.Nf3 g6 3.c4 Bg7 4.Nc3 d6 5.e4 O-O 6.Be2 e5 7.d5 a5 8.Bg5 h6 9.Bh4 Na6
10.Nd2 Qe8 11.b3 Nh7 12.f3 f5 13.Bf2 Nf6 14.a3 Bd7 15.Qb1 c5 16.Bd3 f4 17.Qd1 g5
18.Nb5 Qe7 19.Nb1 Rf7 20.N1c3 Bf8 21.Qd2 Qd8 22.O-O-O Nc7 23.Rdg1 Nxb5 24.cxb5 a4
25.Nxa4 Qb8 26.Kb2 Qa7 27.Ra1 Bg7 28.Rhc1 Ne8 29.Kb1 Bf6 30.Nb2 Nc7 31.Qe2 Rg7
32.h3 h5 33.a4 b6 34.Kc2 g4 35.hxg4 hxg4 36.Rh1 Rf8 37.Nc4 g3 38.Bg1 Nxb5
39.Bxc5 bxc5 40.axb5 Qb8 41.Na5 Qb6 42.Bc4 Rh7 43.Rxh7 Kxh7 44.Nc6 Kg6 45.Ra6 Qb7
46.Qd2 Rh8 47.b4 Rh2 48.bxc5 Bh3 49.Bf1 Bxg2 50.Bxg2 Qxb5 51.Ra5 Qc4+ 52.Kb2 dxc5
53.d6 Qf1 54.Bxf1 Rxd2+ 55.Kc3 Rxd6 56.Bb5 Rd1 57.Ra2 Rh1 58.Rg2 Rh2 59.Rg1 Rf2
60.Kc4 Rxf3 61.Kd5 Rb3 62.Bc4 Rc3 63.Nxe5+  1/2-1/2

[Event "Andorra zt"]
[Site "Andorra"]
[Date "1987.??.??"]
[Round "?"]
[White "Antunes, Antonio"]
[Black "Magem Badals, Jorge"]
[Result "0-1"]
[WhiteElo "2405"]
[BlackElo "2425"]

1.d4 Nf6 2.c4 g6 3.Nc3 Bg7 4.e4 d6 5.Be2 O-O 6.Nf3 Nbd7 7.O-O e5 8.Be3 c6
9.Qc2 exd4 10.Nxd4 Re8 11.Rad1 Qe7 12.Bg5 Nc5 13.Rfe1 Qf8 14.Bf1 Nfd7 15.Be3 a5
16.h3 Nf6 17.Bf4 Nh5 18.Bh2 Be5 19.Qd2 Bxh2+ 20.Kxh2 Nf6 21.Qf4 Nh5 22.Qd2 Nf6
23.Qf4 Nh5 24.Qh4 f6 25.Be2 Ng7 26.Bg4 Qe7 27.Qg3 Bxg4 28.hxg4 Rad8 29.f4 Nge6
30.Nf5 Qf8 31.Ne3 Qh6+ 32.Kg1 Qxf4 33.Qxf4 Nxf4 34.Rf1 Nxe4 35.Rxf4 Nxc3
36.bxc3 Rxe3 37.c5 d5 38.c4 Rc3 39.Kh2 Rd7 40.cxd5 cxd5 41.Rxf6 Rxc5 42.Re1 d4
43.Kg3 d3 44.Rf2 d2 45.Rd1 Rc2 46.a4 Rd4 47.g5 Rxa4 48.Rdf1 Rc3+ 49.Kh2 Rh4+
50.Kg1 Rc7 51.Rxd2 Rhc4 52.Kh2 R4c5 53.Rd8+ Kg7 54.Rfd1 a4 55.R1d4 b5 56.Kh3 Rxg5
57.g4 Rgc5 58.Ra8 Rc3+ 59.Kh4 h6  0-1

[Event "Andorra zt"]
[Site "Andorra"]
[Date "1987.??.??"]
[Round "?"]
[White "Izeta Txabarri, Felix"]
[Black "Garcia, Raul"]
[Result "1-0"]
[WhiteElo "2380"]
[BlackElo "2250"]

1.d4 Nf6 2.c4 d6 3.Nc3 Nbd7 4.e4 e5 5.Nf3 g6 6.Be2 Bg7 7.O-O O-O 8.Be3 c6
9.d5 Ng4 10.Bg5 f6 11.Bd2 Qe7 12.dxc6 bxc6 13.b4 Bb7 14.Ne1 Nh6 15.Nd3 f5
16.f3 fxe4 17.fxe4 Rxf1+ 18.Bxf1 Qf7 19.Qb3 d5 20.cxd5 cxd5 21.Nf2 Nb6 22.Nxd5 Nxd5
23.Bc4 Nf5 24.exf5 gxf5 25.Rd1 Rd8 26.Bg5 Rd6 27.b5 e4 28.Nh3 Be5 29.Nf4 Bxf4
30.Bxf4 Rd8 31.Qg3+ Qg6 32.Be3 Qxg3 33.hxg3 Kf7 34.Bxa7 Ke6 35.Bd4 Ra8 36.Bb3 h5
37.Kf2 h4 38.gxh4 f4 39.h5 Kf5 40.h6 e3+ 41.Ke2 Nf6 42.Bxf6 Kxf6 43.Rd6+ Ke5
44.Re6+ Kf5 45.g3 fxg3 46.Rxe3 g2 47.Kf2 Rh8 48.Re7 Ba8 49.b6 Bc6 50.h7 Rd8
51.Re1 Rf8 52.Kg1  1-0

[Event "EU-ch U18"]
[Site "Arnhem"]
[Date "1987.??.??"]
[Round "6"]
[White "Kosic, Dragan"]
[Black "Damaso, Rui"]
[Result "1-0"]
[WhiteElo "2385"]
[BlackElo "2320"]

1.d4 Nf6 2.c4 g6 3.Nc3 Bg7 4.e4 O-O 5.Nf3 d6 6.Be2 e5 7.O-O exd4 8.Nxd4 Re8
9.f3 c6 10.Nc2 Na6 11.Kh1 Nc7 12.Bg5 h6 13.Bh4 d5 14.exd5 cxd5 15.c5 g5 16.Bf2 Ne6
17.Nb5 Nf4 18.Ncd4 N6h5 19.Bd3 Nxd3 20.Qxd3 Nf4 21.Qd2 Be5 22.Rfe1 Bd7 23.Nc3 Qf6
24.Rad1 Qg6 25.Nde2 Bc6 26.Bd4 Bc7 27.Nxf4 Bxf4 28.Qf2 Qh5 29.g3 Bc7 30.b4 b5
31.a4 a6 32.a5 Re6 33.Kg1 Rae8 34.Rf1 f5 35.Rde1 Qg6 36.Rxe6 Qxe6 37.Kg2 h5
38.Qd2 f4 39.h3 g4 40.hxg4 hxg4 41.Rh1 Qf5 42.fxg4 Qxg4 43.Rh8+ Kf7 44.Rh7+ Kf8
45.Qf2 Re7 46.Rh8+ Kf7 47.Qf3 Qg6 48.Qh5 Qxh5 49.Rxh5 Kg6 50.g4 Re3 51.Bxe3 d4+
52.Nd5 fxe3 53.Kf1 Bd8 54.Nf4+ Kf7 55.Ke2 Bd7 56.Rh7+  1-0